000 00824cab a2200229 4500
001 WB3302-29
008 090401t1997 xxu||||| |||| 00| 0 eng d
035 _a(Sirsi) u19619
041 _aeng
245 _aCode of conduct
260 _c1997
350 _a0
490 _aObserver
_v5 January 1997, B1
490 _aEvening Standard
_v8 January 1997, 2.10(3)
520 _aA new ombudsman scheme is to be introduced in July 1997 following the launch of a code of conduct for estate agents. Agents now have to obtain specific instructions from sellers if a property is to stay on the market after an offer has been accepted.
650 _aCODE OF CONDUCT
650 _aESTATE AGENCY
650 _aGAZUMPING
690 _aMANAGEMENT-BUSINESS MANAGEMENT-PROFESSIONAL PRACTICE
942 _n0
948 _c04/03/1997
999 _c13120
_d13120